Iphone and android applications Quiz Stats

 Plays Quiz not verified by Sporcle

Score 0/15 Timer 10:00
0 Plays Today
social media or music app apps % Correct
camera as a logo (insta)instagram
88.2%
reminds you of a birdtwitter
82.4%
BOO i'm a scary ghostsnapchat
76.5%
yelp for helpyelp
76.5%
girls in gymnastics tumble change the last lettertumblr
70.6%
i 'spot'' you relates to musicspotify
58.8%
hey your in my spacemyspace
52.9%
something of interest you would pinpinterest
52.9%
social media or music app apps % Correct
owhh you kiked me!!kik
47.1%
i have to ask you a question (.fm)ask.fm
47.1%
i cant find my iphone what do i use?find my iphone
47.1%
white girls love this think of chick 'flix''netflix
41.2%
something plus googlegoogle+
41.2%
let's tangotango
29.4%
i heart ________ fill in the blank!!!i heart radio
17.6%

You're not logged in!

Compare scores with friends on all Sporcle quizzes.
OR
Log In

Sporcle TV

Today on Sporcle TV


Watch our educational content, quiz creation guides, and fun videos on Sporcle TV.

Show Comments

Extras

Top Quizzes Today


Score Distribution

Your Account Isn't Verified!

In order to create a playlist on Sporcle, you need to verify the email address you used during registration. Go to your Sporcle Settings to finish the process.

Report this User

Report this user for behavior that violates our Community Guidelines.

Details: